000 00362 a2200157 4500
001 14066
020 _a9788578481551 (broch.)
040 _cAnchieta - Aquarius
100 _aAlbo, Pablo
240 1 0 _aGigante pouco a pouco
_lpor
245 1 0 _aGigante pouco a pouco
300 _a27p.
362 0 _a2015
650 4 _aLiteratura infanto-juvenil
942 _cBK
999 _c14066
_d14066